Maier, Michael. Atlanta fugiens. - Praha : Trigon. - 2006 [Rezension]

Titel: Maier, Michael. Atlanta fugiens. - Praha : Trigon. - 2006 [Rezension]
Verfasser:
In: Acta Comeniana, Band 22-23 (46-47) (2009), Seite 340-343
alle Artikel anzeigen
Veröffentlicht: 2009
Format: Aufsatz
Sprache: Tschechisch
Kein Bild verfügbar
X
alg: 39516811
001A    $01999:12-11-16 
001B    $01999:09-08-21 $t17:41:48.000 
001D    $01999:12-11-16 
001U    $0utf8 
001X    $00 
002@    $0Aox 
003@    $0395168112 
007A    $0395168112 $aHEB 
007T    $0Herdp34389 
010@    $acze 
011@    $a2009 
021A    $aMaier, Michael. Atlanta fugiens. - Praha : Trigon. -  2006 [Rezension] 
028A    $aNejeschleba $dTomáš 
031A    $d22-23 (46-47) $h340-343 $j2009 
039B    $aIn $8--Abvc--. Acta Comeniana. - Praha : Filosofia, 1969-. - ISSN 0231-5955 $x200900000220000660 $9047438355 
039T    $8--Aax--Maier, Michael. Atlanta fugiens. - Praha : Trigon, 2006. - 453 s., il. + 1 CD. - ISBN 80-86159-60-4 $9395505992 
045F    $a900.94371 $eDDC23BSB 
045F/01 $a900 
045F/03 $g4371 
045T    $a5,3 $a7,41 

lok: 39516811 78

exp: 39516811 78 1 #EPN
201B/01 $026-11-17 $t04:03:05.000 
201U/01 $0utf8 
203@/01 $0791473856 
208@/01 $a12-11-16 $be 
209A/01 $a/ $f000 $x00 
220C/01 $aHerkunft: Hú Av Čr Praha 
244Z/01 $#Tschechien $#Tschechische Republik $#Tschechische Republik $#Tschechenland $#Tschechei Tschechien $#Česká Republika $#Czech Republic $#ČR $74303381-7 $8--Tg1--Tschechien $x01 $9086659812 
244Z/01 $2Trx $#Böhmen $#Bohemia $#Czechy $8--Trx--Čechy $x02 $9391188941 
244Z/01 $2Trx $#arvustused $#recenzijos $#Reviews $#recenziók $#recenzje $#recenzie $#recenze $8--Trx--Rezensionen $x03 $9391357441 
247C/01 $82080>Marburg/Lahn, Herder-Institut, Forschungsbibliothek, Bibliographieportal $9336309341
LEADER 00000caa a22000002c 4500
001 395168112
003 DE-603
005 20210809174148.0
007 tu
008 161112s2009 xx |||| | u00||u|cze c
035 |a (DE-599)HEB395168112 
040 |a DE-603  |b ger  |c DE-603  |d DE-603 
041 |a cze 
082 0 4 |8 1\u  |a 900.94371  |q DE-101  |2 23/BSB 
084 |a 5,3  |a 7,41  |2 ssgn 
085 |8 1\u  |b 900 
085 |8 1\u  |z 2  |s 4371 
100 1 |a Nejeschleba, Tomáš 
245 0 0 |a Maier, Michael. Atlanta fugiens. - Praha : Trigon. - 2006 [Rezension] 
264 0 |c 2009 
773 0 8 |i In  |t Acta Comeniana  |d Praha : Filosofia, 1969-  |x 0231-5955  |g Band 22-23 (46-47) (2009), Seite 340-343  |w (DE-603)047438355  |w (DE-600)253066-1 
787 0 8 |i Rezension von  |a Maier, Michael  |t Atlanta fugiens  |d Praha : Trigon, 2006  |h 453 s., il. + 1 CD  |z 8086159604  |w (DE-603)395505992 
924 0 |9 2080  |a (DE-603)791473856  |b DE-2080  |c HES  |d d  |g /